| 000 | 00569nam a2200229Ia 4500 | ||
|---|---|---|---|
| 008 | 180523s9999 xx 000 0 und d | ||
| 020 | _a0-324-31156-7 | ||
| 050 | _aMAIN HD 30.22 | ||
| 050 | _b.H57 2006 | ||
| 100 | _aHirschey, Mark. | ||
| 245 | 0 | _aEconomics for managers / | |
| 245 | 0 | _cMark Hirschey. | |
| 250 | _aStud Ed. | ||
| 260 | _aSingapore : | ||
| 260 | _bThomson Learning, | ||
| 260 | _c2006 | ||
| 300 | _a745 pages : | ||
| 300 | _bcolored illustrations ; | ||
| 300 | _c25 cm. | ||
| 500 | _aIncludes index. | ||
| 650 | _aManagerial economics. | ||
| 999 |
_c356805 _d356805 |
||